000 00729nam a2200241 a 4500
001 000024156
005 20250128171937.0
008 110119s1995 sp r 000 | spa d
020 _a8420646067
040 _aDO-SdBNP
_bspa
_cBNPHU
082 _aA863.42
_bB732a
100 1 _aBorges, Jorge Luis,
_d1899-1986
_94173
245 1 0 _aArtificios /
_cJorge Luis Borges.
260 _aMadrid, (EspaƱa) :
_bAlianza Editorial ,
_c1995.
300 _a89 p. ;
_c15 cm.
490 1 _aTexto Completo
490 1 _aAlianza Cien,
_v6
650 4 _aCuentos argentinos
_93752
650 4 _aCuentos infantiles argentinos
_949602
650 4 _aLiteratura argentina
_93860
830 0 _aTexto Completo
_pAlianza Cien
_v6
_949603
049 _aBNGR
999 _c23650
_d23650